111 rád pre hospodárenie a zdanenie súkromných podnikateľov
Salvato in:
| Autore principale: | |
|---|---|
| Natura: | Libro |
| Lingua: | slovacco |
| Pubblicazione: |
Bratislava
Noppi
1991
|
| Edizione: | 1. vyd. |
| Soggetti: | |
| Tags: |
Nessun Tag, puoi essere il primo ad aggiungerne!!
|
MARC
| LEADER | 00000nam a2200000 4500 | ||
|---|---|---|---|
| 001 | c001286 | ||
| 005 | 20221214095517.6 | ||
| 020 | |a 80-900422-3-6 | ||
| 041 | 0 | |a slo | |
| 044 | |a SK | ||
| 245 | 1 | 0 | |a 111 rád pre hospodárenie a zdanenie súkromných podnikateľov |c Dagmar Lesáková |
| 250 | |a 1. vyd. | ||
| 264 | 1 | |a Bratislava |b Noppi |c 1991 | |
| 300 | |a 102 s. | ||
| 610 | 2 | 0 | |a podnikanie súkromné |
| 610 | 2 | 0 | |a podnikatelia |
| 610 | 2 | 0 | |a dane zo zisku |
| 610 | 2 | 0 | |a politika daňová |
| 610 | 2 | 0 | |a ČSFR |
| 610 | 2 | 0 | |a úľavy daňové |
| 610 | 2 | 0 | |a dane poľnohospodárske |
| 610 | 2 | 0 | |a výdavky |
| 610 | 2 | 0 | |a dane dôchodkové |
| 610 | 2 | 0 | |a dane zo mzdy |
| 610 | 2 | 0 | |a zabezpečenie dôchodkové |
| 610 | 2 | 0 | |a dane z objemu miezd |
| 610 | 2 | 0 | |a spoločnosti akciové |
| 610 | 2 | 0 | |a odvody |
| 610 | 2 | 0 | |a poistenie osôb |
| 610 | 2 | 0 | |a poistenie zodpovednosti za škody |
| 610 | 2 | 0 | |a poistenie úrazové |
| 610 | 2 | 0 | |a poistenie majetku |
| 100 | 1 | |a Lesáková, Dagmar, 1949- | |